000 00425nam a2200181Ia 4500
001 13326
005 20260306164753.0
008 260306t1999||||xx |||||||||||||| ||spa||
041 _aESP
082 _a001.42
_bS17
100 _aSalkind, Neil J.
_eAUT
245 0 _aMétodos de investigación
260 _c1999
300 _axx, 380 páginas :
_c27 cm.
650 _aGEN
654 _aCHU
942 _cLIB
_dJUS
_fJUS
_2ddc
_n
999 _c13326
_d13326